| 000 | 00357nam a2200133Ia 4500 | ||
|---|---|---|---|
| 008 | 210430s9999 xx 000 0 und d | ||
| 020 | _a978-969-8535-15-5 | ||
| 082 | _a297.577 A3981I | ||
| 100 |
_aDr. Ahmad Al Aasaal _9129358 |
||
| 245 |
_aIslam ka Khandani Nizam / _cDr. Ahmad Al Aasaal |
||
| 260 |
_aLahore _bNUST |
||
| 300 | _a452p. | ||
| 942 |
_cBK _2ddc |
||
| 999 |
_c565507 _d565507 |
||